LEADER 01133nam a2200265 u 4500 001 000000026808 003 CaOOAMICUS 005 20070226111622.0 008 951121s1974 it u000 u ita u 035 $a10693674 040 $aMSA$bita$dPUL(R) 100 1 $aBrezinka, Wolfgang,$d1928-$0(OLS)http://pul/name/21998 245 13$aLa pedagogia della nuova sinistra :$banalisi dell'antiautoritarismo /$cWolfgang Brezinka. 260 $aRoma :$bArmando,$c1974. 300 $a102 p. ;$c21 cm 490 1 $aEducazione comparata e pedagogie ;$v3 500 $aContiene indici. 504 $aBibliografia in nota. 650 4$aPedagogia$xDidattica.$0(OLS)http://pul/subject/14925 830 0$aEducazione comparata e pedagogie ;$v3.$0(OLS)http://pul/title/36755 850 $aPUL 852 $aPUL$W1$xDP1 Cons. Gen., Altre Classi 1$y22$m842 C 20$j37416$nBK-PRI$b $qStampati$B37416$CPULBib$Z2$F37416 $H61312 $81 941 1 $a8 996 $6245$aLa pedagogia della nuova sinistra :$banalisi dell'antiautoritarismo$9(OLS)http://pul/title/36754 996 $6260$aRoma :$bArmando$9(OLS)http://pul/publisher/55055 LEADER 01701nam a2200373 u 4500 001 000000055828 003 CaOOAMICUS 005 20070226120414.0 008 010320s2000 be u000 u fre u 020 $a9042908939 (Peeters Leuven) 020 $a2877235114 (Peeters France) 035 $a10869663 040 $aIPA$bita 041 0 $afre$agrc 245 03$aLa chaîne sur l'Exode.$nII,$pCollectio Coisliana ;$nIII,$pFonds caténique ancien (Exode 1,1-15,21) /$ctexte établi par Françoise Petit. 246 30$aCollectio Coisliniana 246 30$aFonds caténique ancien (Exode 1,1-15,21) 260 $aLovanii :$bPeeters,$c2000. 300 $axxxi, 356 p. ;$c25 cm 490 1 $aTraditio exegetica graeca ;$v10 500 $aComprende indice. 630 04$aBiblia.$pV.T.$pExodus$xCatene.$0(OLS)http://pul/subject/14930 700 1 $aPetit, Françoise.$0(OLS)http://pul/name/8742 830 0$aTraditio exegetica graeca ;$v10.$0(OLS)http://pul/title/12873 850 $aPUL 852 $aPUL$W1$xDP2 Cons. Gen., Altre Classi 1$y61$m1390 U 66.10$j73356$nBK-PRI$b $qStampati$B73356$CPULBib$Z2$F73356 $81 941 1 $a8 961 $aINV: 89252 996 $6020$a9042908939 (Peeters Leuven)$9(OLS)http://pul/number/70243 996 $6020$a2877235114 (Peeters France)$9(OLS)http://pul/number/70244 996 $6245$aLa chaîne sur l'Exode.$nII,$pCollectio Coisliana ;$nIII,$pFonds caténique ancien (Exode 1,1-15,21)$9(OLS)http://pul/title/74726 996 $6246$aCollectio Coisliniana$9(OLS)http://pul/title/74727 996 $6246$aFonds caténique ancien (Exode 1,1-15,21)$9(OLS)http://pul/title/74728 996 $6260$aLovanii :$bPeeters$9(OLS)http://pul/publisher/51983